000 00271nam a22001217a 4500
008 180922b xxu||||| |||| 00| 0 eng d
041 _aeng
080 _a541
100 _a12
101 _aKIM
245 _aIntroduction to Crystallography
_cSands, D.E
942 _2udc
_cBK
999 _c48231
_d48231